<?xml version="1.0" encoding="UTF-8"?><?xml-stylesheet type="text/xsl" href="static/style.xsl"?><OAI-PMH xmlns="http://www.openarchives.org/OAI/2.0/" xmlns:xsi="http://www.w3.org/2001/XMLSchema-instance" xsi:schemaLocation="http://www.openarchives.org/OAI/2.0/ http://www.openarchives.org/OAI/2.0/OAI-PMH.xsd"><responseDate>2026-06-29T01:32:13Z</responseDate><request verb="GetRecord" identifier="oai:docta.ucm.es:20.500.14352/114175" metadataPrefix="marc">https://docta.ucm.es/rest/oai/request</request><GetRecord><record><header><identifier>oai:docta.ucm.es:20.500.14352/114175</identifier><datestamp>2025-03-18T15:45:47Z</datestamp><setSpec>com_20.500.14352_14</setSpec><setSpec>col_20.500.14352_15</setSpec></header><metadata><record xmlns="http://www.loc.gov/MARC21/slim" xmlns:dcterms="http://purl.org/dc/terms/" xmlns:xsi="http://www.w3.org/2001/XMLSchema-instance" xmlns:doc="http://www.lyncode.com/xoai" xsi:schemaLocation="http://www.loc.gov/MARC21/slim http://www.loc.gov/standards/marcxml/schema/MARC21slim.xsd">
   <leader>00925njm 22002777a 4500</leader>
   <datafield ind2=" " ind1=" " tag="042">
      <subfield code="a">dc</subfield>
   </datafield>
   <datafield ind2=" " ind1=" " tag="720">
      <subfield code="a">Madjid Tavana</subfield>
      <subfield code="e">author</subfield>
   </datafield>
   <datafield ind2=" " ind1=" " tag="720">
      <subfield code="a">Celia Torrecillas</subfield>
      <subfield code="e">author</subfield>
   </datafield>
   <datafield ind2=" " ind1=" " tag="720">
      <subfield code="a">Debora Di Caprio</subfield>
      <subfield code="e">author</subfield>
   </datafield>
   <datafield ind2=" " ind1=" " tag="720">
      <subfield code="a">Santos Arteaga, Francisco Javier</subfield>
      <subfield code="e">author</subfield>
   </datafield>
   <datafield ind2=" " ind1=" " tag="260">
      <subfield code="c">2020-11-30</subfield>
   </datafield>
   <datafield ind2=" " ind1=" " tag="520">
      <subfield code="a">We present a formal and empirical framework that links the technological capacity of a country, reflected in its National System of Innovation, with the financial constraints it faces. The paper is divided into two sections. The first one introduces a stochastic growth model based on the relative level of technological development of countries, which determines their productivity and capacity to finance innovation activities. The second section describes the empirical conditioning observed in the innovation outputs of countries determined by their financial constraints and time period relative to the economic crisis of 2008. We classify a panel sample of European Union countries according to their technological development level and find that financial stability constraints negatively affect the less developed ones, a relationship that weakens as their innovation capacity increases. We also observe that financial stability becomes significant among technologically developed countries when reacting to the exogenous shock triggered by the crisis, while laggards remain constrained through the entire 2000–2018 sample period.</subfield>
   </datafield>
   <datafield ind1="8" ind2=" " tag="024">
      <subfield code="a">Santos-Arteaga, F. J., Tavana, M., Torrecillas, C., &amp; Di Caprio, D. (2020). Innovation dynamics and financial stability: a European Union perspective. Technological and Economic Development of Economy, 26(6), 1366-1398. https://doi.org/10.3846/tede.2020.13521</subfield>
   </datafield>
   <datafield ind1="8" ind2=" " tag="024">
      <subfield code="a">2029-4913</subfield>
   </datafield>
   <datafield ind1="8" ind2=" " tag="024">
      <subfield code="a">2029-4921</subfield>
   </datafield>
   <datafield ind1="8" ind2=" " tag="024">
      <subfield code="a">10.3846/tede.2020.13521</subfield>
   </datafield>
   <datafield ind1="8" ind2=" " tag="024">
      <subfield code="a">https://hdl.handle.net/20.500.14352/114175</subfield>
   </datafield>
   <datafield ind2="0" ind1="0" tag="245">
      <subfield code="a">Innovation dynamics and financial stability: A European Union perspective</subfield>
   </datafield>
</record></metadata></record></GetRecord></OAI-PMH>